[Event "Challenge"]
[Site "http://www.queenalice.com/game.php?id=1788800"]
[Date "2022.5.12"]
[Round "-"]
[White "CNJEDUARDO"]
[Black "IMONTELO"]
[Result "1-0"]
[WhiteElo "1828"]
[BlackElo "1717"]

1. e4 e5 2. Nf3 d6 3. d4 c6 4. Bc4 d5 5. exd5 cxd5 6. Bb5+ Ke7 7. Nxe5 Qa5+ 8.
Nc3 Kd8 9. Nxf7+ Kc7 10. Bf4+ Kb6 11. Qd3 Bb4 12. O-O Bxc3 13. bxc3 Qxb5 14.
Rab1 a6 15. Rxb5+ axb5 16. Rb1 Bd7 17. c4 dxc4 18. Qxc4 Nf6 19. Qc5+ Ka5 20.
Bc7+ b6 21. Qa3# 1-0

[Event "AUTO-OPEN-4376"]
[Site "http://www.queenalice.com/game.php?id=1791860"]
[Date "2022.7.2"]
[Round "1"]
[White "CNJEDUARDO"]
[Black "maurice916"]
[Result "0-1"]
[WhiteElo "1864"]
[BlackElo "1844"]

1. b3 b5 2. e3 a6 3. Bb2 Nf6 4. f4 Bb7 5. Nf3 e6 6. Be2 Be7 7. O-O c5 8. a4 b4
9. Qe1 Nc6 10. Qf2 d5 11. Ne5 O-O 12. Ng4 Ne4 13. Qe1 d4 14. exd4 Nxd4 15. Bd3
f5 16. Ne5 Bd5 17. Qd1 Qb6 18. Bxd4 cxd4 19. Nd7 Qc6 20. Nxf8 Rxf8 21. Rf3 g5
22. fxg5 Nxg5 23. Rf2 Bf6 24. Qh5 Kh8 25. Kf1 Ne4 26. Bxe4 Bxe4 27. d3 Bd5 28.
Ra2 Qd7 29. Nd2 Rg8 30. Nf3 e5 31. h4 Bf7 32. Qh6 Qd8 33. Ng5 Bxg5 34. hxg5 Qxg5
35. Qxg5 Rxg5 36. g4 f4 37. Rg2 a5 38. Kf2 Kg8 39. Kf3 Bd5+ 40. Kf2 Bxg2 41.
Kxg2 Kf7 42. Kf3 Ke6 43. Ra1 h6 44. Rh1 Rg6 45. Rh5 Kd5 46. Rf5 Ke6 47. Ke4 Rg5
48. Rf8 Ke7 49. Ra8 Rxg4 50. Rxa5 Rg5 51. Ra7+ Kf8 52. a5 Rg6 53. a6 Rf6 54. Kf3
h5 55. Ra8+ Kg7 56. a7 Ra6 57. Rb8 Rxa7 58. Rxb4 Ra5 59. Rc4 Kf6 60. b4 Ra6 0-1

[Event "AUTO-OPEN-4376"]
[Site "http://www.queenalice.com/game.php?id=1791861"]
[Date "2022.7.2"]
[Round "1"]
[White "maurice916"]
[Black "CNJEDUARDO"]
[Result "1-0"]
[WhiteElo "1848"]
[BlackElo "1851"]

1. d4 g6 2. e4 Bg7 3. c4 d6 4. Be2 Nf6 5. Nc3 O-O 6. Nf3 e5 7. Bg5 h6 8. Bh4
exd4 9. Nxd4 g5 10. Bg3 Nc6 11. O-O Ne5 12. f4 gxf4 13. Bxf4 Kh7 14. Qc2 Rg8 15.
Nf5 Bxf5 16. exf5 Bf8 17. Kh1 Nfg4 18. h3 Qh4 19. Kg1 Nf6 20. Kh2 h5 21. Qd1
Nfg4+ 22. Kg1 Nf6 23. Nd5 Nxd5 24. Qxd5 Qxh3 25. Bxe5 Qe3+ 26. Rf2 dxe5 27.
Qxf7+ Rg7 28. Qxh5+ Kg8 29. f6 Bc5 30. f7+ Kf8 31. Qh8+ Ke7 32. f8=Q+ Kd7 33.
Qhxg7+ Kc6 34. Qgf6+ Bd6 35. Q8h6 Qc5 36. Bf3+ Kb6 37. Qd2 Rf8 38. Qe6 a5 39.
Qed5 Rxf3 40. gxf3 1-0

[Event "AUTO-OPEN-4376"]
[Site "http://www.queenalice.com/game.php?id=1791862"]
[Date "2022.7.2"]
[Round "1"]
[White "CNJEDUARDO"]
[Black "Scharlatan"]
[Result "1-0"]
[WhiteElo "1861"]
[BlackElo "2123"]

1. d4 d5 2. c4 e6 3. Nf3 Nf6 4. Nc3 Be7 5. Bf4 O-O 6. e3 Nbd7 7. c5 c6 8. Bd3 b6
9. cxb6 axb6 10. O-O Re8 11. Bc2 c5 12. Nb5 Ba6 13. Nc7 Bxf1 14. Nxa8 Bxg2 15.
Nc7 Bxf3 16. Qxf3 e5 17. Nxe8 Nxe8 18. dxe5 Nf8 19. Kh1 Ng6 20. Rg1 Nxf4 21.
exf4 g6 22. f5 Bf8 23. fxg6 fxg6 24. e6 Ng7 25. Qf7+ Kh8 26. Rg3 Qe7 27. Rf3 Nf5
28. Bxf5 1-0

[Event "AUTO-OPEN-4376"]
[Site "http://www.queenalice.com/game.php?id=1791863"]
[Date "2022.7.2"]
[Round "1"]
[White "Scharlatan"]
[Black "CNJEDUARDO"]
[Result "1-0"]
[WhiteElo "2110"]
[BlackElo "1847"]

1. e4 e5 2. f4 exf4 3. Nf3 d6 4. d4 Be7 5. Bxf4 g5 6. Bg3 h5 7. Bc4 g4 8. Nfd2
Nc6 9. O-O Rh7 10. c3 Na5 11. Bd3 h4 12. Bf4 Rg7 13. e5 Nc6 14. exd6 cxd6 15.
Ne4 f5 16. Ned2 Be6 17. Qe2 Qd7 18. Na3 h3 19. g3 O-O-O 20. Rfe1 Bd5 21. Nc2 Re8
22. c4 Bg2 23. Qf2 Nf6 24. d5 Ne5 25. Bxe5 Kb8 26. Bd4 f4 27. Qxf4 Rf8 28. Bf5
Qc7 29. Ne3 Bf3 30. Nxf3 gxf3 31. Qxf3 1-0

[Event "AUTO-OPEN-4376"]
[Site "http://www.queenalice.com/game.php?id=1791864"]
[Date "2022.7.2"]
[Round "1"]
[White "CNJEDUARDO"]
[Black "josebaron"]
[Result "0-1"]
[WhiteElo "1855"]
[BlackElo "2408"]

1. e4 e5 2. f4 exf4 3. Nf3 d6 4. d4 g5 5. h4 g4 6. Ng1 Qf6 7. h5 Nc6 8. Nc3 Qxd4
9. Bxf4 Bh6 10. Bxh6 Nxh6 11. Qxd4 Nxd4 12. O-O-O Ne6 13. g3 Bd7 14. Nge2 O-O
15. Rh4 Kh8 16. e5 Nf5 17. Rh1 Bc6 18. Rh2 dxe5 19. Nd5 Rad8 20. c4 Ng5 21. Rf2
Nf3 22. Bh3 Ne3 23. Nxe3 Rxd1+ 24. Kxd1 gxh3 25. g4 h2 26. Ng3 Rd8+ 27. Ke2 Rd2+
28. Kf1 Rd4 29. h6 Rf4 30. Nh1 Nd2+ 31. Ke2 Nxc4 32. Rxh2 Bf3+ 33. Kd3 Rd4+ 0-1

[Event "AUTO-OPEN-4376"]
[Site "http://www.queenalice.com/game.php?id=1791865"]
[Date "2022.7.2"]
[Round "1"]
[White "josebaron"]
[Black "CNJEDUARDO"]
[Result "1-0"]
[WhiteElo "2403"]
[BlackElo "1853"]

1. e4 c6 2. Nf3 d5 3. exd5 cxd5 4. d4 Nf6 5. Nc3 Nc6 6. Bb5 Bd7 7. Bxc6 Bxc6 8.
O-O e6 9. a3 Bd6 10. Bg5 h6 11. Bh4 Qb6 12. Bxf6 gxf6 13. Qd2 O-O-O 14. b4 Kb8
15. Rfb1 Bb5 16. a4 Bc4 17. a5 Qc7 18. b5 Qe7 19. Qe1 Rdg8 20. Nd2 f5 21. Nxc4
dxc4 22. Qe2 Qh4 23. g3 f4 24. Ne4 fxg3 25. hxg3 Qd8 26. a6 b6 27. Qf3 Bxg3 28.
Nxg3 Qe7 29. Kf1 Qd7 30. Ne4 Qc7 31. Re1 h5 32. Nf6 Rg6 33. Re3 Rd8 34. Rd1 Qe7
35. Nd5 Qg5 36. Nb4 Rd7 37. Nc6+ Kc7 38. Ne5 Qh4 39. Qc6+ 1-0

[Event "Let's Play Chess!"]
[Site "http://www.queenalice.com/game.php?id=1794349"]
[Date "2022.8.15"]
[Round "-"]
[White "CNJEDUARDO"]
[Black "Charlie"]
[Result "1-0"]
[WhiteElo "1875"]
[BlackElo "1946"]

1. e4 c6 2. d4 d5 3. e5 e6 4. c4 Nd7 5. Nf3 c5 6. cxd5 exd5 7. Nc3 Qa5 8. Bd2
cxd4 9. Nxd4 Be7 10. Qe2 Qc5 11. O-O-O Qxd4 12. Nb5 Qc5+ 13. Kb1 Qb6 14. Be3
Qg6+ 15. Ka1 Qc6 16. Rc1 Nc5 17. Bxc5 Bxc5 18. Nd6+ Ke7 19. Qd2 Nh6 20. Qg5+ Ke6
21. Qxg7 Rg8 22. Qxh6+ Rg6 23. Qxh7 Kxe5 24. Nxf7+ Kf6 25. Nd8 Qe8 26. Qh4+ Kg7
27. Bd3 Rg4 28. Qh7+ Kf6 29. Rxc5 Qxd8 30. Rc7 Qf8 31. g3 Be6 32. f3 Rd4 33.
Qg6+ Ke5 34. Re1+ Kd6 35. Rxb7 Kc6 36. Rb3 Kd7 37. Qxe6+ Kd8 38. Qe5 Rxd3 39.
Rxd3 1-0

[Event "Let's Play Chess!"]
[Site "http://www.queenalice.com/game.php?id=1794350"]
[Date "2022.8.15"]
[Round "-"]
[White "Charlie"]
[Black "CNJEDUARDO"]
[Result "0-1"]
[WhiteElo "1950"]
[BlackElo "1862"]

1. e4 e5 2. Nf3 Nc6 3. Bc4 Bc5 4. d3 d6 5. Ng5 Nh6 6. O-O O-O 7. Nf3 Kh8 8. Bg5
f6 9. Bxh6 gxh6 10. Nc3 Na5 11. Bb5 c6 12. Ba4 b5 13. Bb3 Nxb3 14. axb3 a6 15.
Qd2 Ra7 16. Qxh6 Rg7 17. d4 exd4 18. Ne2 Rfg8 19. g3 Bg4 20. Nexd4 Bxd4 21. Nxd4
Rg6 22. Qe3 Qd7 23. Rxa6 c5 24. Ne2 Re8 25. Re1 f5 26. Nf4 Rh6 27. f3 Bh5 28.
Qc3+ Kg8 29. e5 Qb7 30. Rxd6 Rxd6 31. Nd3 Rc6 32. f4 Ree6 33. Nxc5 Qb6 34. b4
Re7 35. Ra1 Rec7 36. Qd3 Rxc5 37. bxc5 Qxc5+ 38. Kf1 Qc6 39. Kg1 Bg4 40. Qd8+
Kf7 41. c3 Qc5+ 42. Kf1 Re7 43. Kg2 Qc6+ 0-1

[Event "AUTO-OPEN-4385"]
[Site "http://www.queenalice.com/game.php?id=1794367"]
[Date "2022.8.16"]
[Round "1"]
[White "wj64"]
[Black "CNJEDUARDO"]
[Result "1-0"]
[WhiteElo "1426"]
[BlackElo "1894"]

1. c3 Nf6 2. e3 e5 3. f3 d5 4. Bd3 Bd6 5. h4 h5 6. b4 e4 7. fxe4 dxe4 8. Bc4
Bg3+ 9. Kf1 Bg4 10. Be2 Qd7 11. Nf3 exf3 12. gxf3 Bh3+ 13. Kg1 Bxh4 14. Bf1 Bxf1
15. Qxf1 Bg3 16. Qh3 h4 17. Qxd7+ Nbxd7 18. d4 O-O-O 19. Kg2 g5 20. Rh3 Rhg8 21.
Kf1 Rge8 22. Ke2 Nd5 23. e4 Nf4+ 24. Bxf4 Bxf4 25. d5 Ne5 26. Na3 f5 27. Kf2
fxe4 28. fxe4 c6 29. Rd1 Rf8 30. Ke1 Bg3+ 31. Ke2 Rf2+ 32. Ke3 Rxa2 33. Nb1 Rf8
34. Kd4 g4 35. Rhh1 Rd8 36. c4 1-0

[Event "AUTO-OPEN-4385"]
[Site "http://www.queenalice.com/game.php?id=1794368"]
[Date "2022.8.16"]
[Round "1"]
[White "CNJEDUARDO"]
[Black "wj64"]
[Result "1-0"]
[WhiteElo "1859"]
[BlackElo "1351"]

1. d4 d5 2. c4 dxc4 3. e3 b5 4. a4 Ba6 5. Qf3 c6 6. axb5 Bxb5 7. Nc3 a6 8. Nxb5
Nf6 9. Nc3 g5 10. Bxc4 Bh6 11. Nge2 g4 12. Qf5 e6 13. Qc5 Nfd7 14. Qh5 Qg5 15.
Qxg5 Bxg5 16. h4 gxh3 17. Rxh3 Nf6 18. f4 Rg8 19. fxg5 Rxg5 20. g3 Nbd7 21. e4
e5 22. Bxg5 Nb6 23. Rxa6 Rxa6 24. Bxa6 Ng4 25. Rxh7 Nd7 26. Bb7 exd4 27. Bxc6
dxc3 28. Rh8# 1-0

[Event "AUTO-OPEN-4385"]
[Site "http://www.queenalice.com/game.php?id=1794395"]
[Date "2022.8.16"]
[Round "1"]
[White "sia"]
[Black "CNJEDUARDO"]
[Result "0-1"]
[WhiteElo "1723"]
[BlackElo "1901"]

1. e4 c5 2. d3 d6 3. Nf3 Nc6 4. Be2 h6 5. h3 Nf6 6. O-O e5 7. Nc3 Be6 8. a3 a6
9. Be3 Qc7 10. Nh2 b5 11. Ng4 Be7 12. f4 b4 13. axb4 cxb4 14. Nxf6+ Bxf6 15. Nd5
Bxd5 16. exd5 Ne7 17. Bf3 a5 18. fxe5 Bxe5 19. d4 Bf6 20. Re1 O-O 21. Qd2 Rae8
22. c3 bxc3 23. bxc3 Nf5 24. Bg4 Nxe3 25. Bf3 Bg5 26. Qb2 Rb8 27. Qa2 Qxc3 28.
Qxa5 Qb2 29. Rab1 Qxb1 30. Rxb1 Rxb1+ 31. Kf2 Rf1+ 32. Ke2 Re8 33. Qb5 Rc8 34.
Kd3 Rfc1 35. Qb4 R8c3+ 36. Qxc3 Rxc3+ 37. Kxc3 Kf8 38. g3 Bf6 39. h4 Nf5 40. Kc4
g5 41. hxg5 hxg5 42. g4 Ne3+ 43. Kd3 Nf1 44. Be2 Ng3 45. Bf3 Bd8 46. Kc4 f6 0-1

[Event "AUTO-OPEN-4385"]
[Site "http://www.queenalice.com/game.php?id=1794396"]
[Date "2022.8.16"]
[Round "1"]
[White "CNJEDUARDO"]
[Black "sia"]
[Result "1-0"]
[WhiteElo "1842"]
[BlackElo "1947"]

1. e4 e5 2. f4 exf4 3. Nf3 g5 4. Bc4 h6 5. Nc3 Nc6 6. d4 Bb4 7. Bd2 Nf6 8. d5
Nb8 9. Qe2 O-O 10. e5 Re8 11. O-O-O Ng4 12. h4 Ne3 13. Bxe3 Bxc3 14. Bf2 g4 15.
bxc3 gxf3 16. gxf3 d6 17. Bd4 dxe5 18. Bf2 Qf6 19. Rdg1+ Kh7 20. h5 Bf5 21. Bh4
Qb6 22. Bb3 f6 23. Qg2 Qe3+ 24. Kb2 Qxg1 25. Rxg1 Nd7 26. Qg7# 1-0

[Event "AUTO-OPEN-4385"]
[Site "http://www.queenalice.com/game.php?id=1794413"]
[Date "2022.8.16"]
[Round "1"]
[White "pomar"]
[Black "CNJEDUARDO"]
[Result "0-1"]
[WhiteElo "2038"]
[BlackElo "1835"]

1. f3 e5 2. Kf2 d5 3. e3 f5 4. c4 d4 5. d3 dxe3+ 6. Bxe3 f4 7. Bc1 Qd4+ 8. Ke1
Bc5 9. Qe2 Nc6 10. a3 Bf5 11. Nc3 O-O-O 12. Nb5 Qd7 13. Bd2 a6 14. Nc3 Qe7 15.
Nd5 Rxd5 16. cxd5 Nd4 17. Qd1 Qh4+ 18. g3 fxg3 19. Bg2 gxh2+ 20. Kf1 hxg1=R+ 21.
Rxg1 Bxd3+ 0-1

[Event "AUTO-OPEN-4385"]
[Site "http://www.queenalice.com/game.php?id=1794414"]
[Date "2022.8.16"]
[Round "1"]
[White "CNJEDUARDO"]
[Black "pomar"]
[Result "0-1"]
[WhiteElo "1887"]
[BlackElo "1985"]

1. c3 e6 2. Qa4 Nf6 3. d3 c5 4. g4 h6 5. h4 Nc6 6. Bg2 Nxg4 7. Qxg4 d5 8. Bf4 e5
9. Qg3 exf4 10. Qxf4 Bd6 11. Qe3+ Be7 12. Nf3 O-O 13. Nbd2 Re8 14. d4 Qb6 15.
dxc5 Qxc5 16. Nd4 Bd7 17. O-O-O Bf6 18. Qf3 Nxd4 19. Nb3 Nxb3+ 20. axb3 Bc6 21.
Rhg1 d4 22. Qxf6 gxf6 23. Bxc6+ Kf8 24. Bxe8 dxc3 25. Bd7 cxb2+ 26. Kxb2 Qxf2
27. Bb5 a6 28. Bd3 Rd8 29. Rdf1 Qd4+ 30. Kc2 Rc8+ 31. Kd2 Qb2+ 32. Ke3 Re8+ 33.
Kf2 Qxb3 34. Rg3 a5 35. Rfg1 a4 36. Rg8+ Ke7 37. R8g3 a3 38. Rb1 Qd5 39. Bb5
Qf5+ 40. Kg2 Qxb1 41. Re3+ Kd6 42. Bxe8 Qg6+ 0-1

[Event "Challenge"]
[Site "http://www.queenalice.com/game.php?id=1804829"]
[Date "2023.1.26"]
[Round "-"]
[White "CNJEDUARDO"]
[Black "jorm"]
[Result "1-0"]
[WhiteElo "1882"]
[BlackElo "1948"]

1. e4 e5 2. Nf3 Nc6 3. Bc4 d6 4. c3 a6 5. O-O f6 6. d4 exd4 7. cxd4 h6 8. a3 Bd7
9. b4 b5 10. Ba2 g5 11. Ne5 Nxe5 12. dxe5 dxe5 13. Qh5+ 1-0

[Event "Let's Play Chess!"]
[Site "http://www.queenalice.com/game.php?id=1812107"]
[Date "2023.5.19"]
[Round "-"]
[White "Mlintz"]
[Black "CNJEDUARDO"]
[Result "1-0"]
[WhiteElo "1873"]
[BlackElo "1906"]

1. e4 e6 2. d3 d5 3. exd5 exd5 4. d4 Bd6 5. Nc3 Ne7 6. Nf3 O-O 7. Be2 c6 8. O-O
Nd7 9. a4 Ng6 10. Re1 Nf6 11. h3 Bf5 12. Bd3 Ne4 13. Bxe4 dxe4 14. Nxe4 Bc7 15.
b4 Re8 16. Nc5 Qd6 17. a5 1-0

[Event "Let's Play Chess!"]
[Site "http://www.queenalice.com/game.php?id=1812108"]
[Date "2023.5.19"]
[Round "-"]
[White "CNJEDUARDO"]
[Black "Mlintz"]
[Result "0-1"]
[WhiteElo "1889"]
[BlackElo "1890"]

1. b3 e5 2. Bb2 Nc6 3. Nc3 Nf6 4. e4 d6 5. Nf3 Be7 6. d4 exd4 7. Nxd4 O-O 8.
Nxc6 bxc6 9. h3 Bb7 10. Qf3 Rb8 11. g4 Qe8 12. O-O-O c5 13. Nd5 Nxd5 14. exd5
Qd8 15. h4 Bxh4 16. Bd3 g5 0-1

[Event "Let's Play Chess!"]
[Site "http://www.queenalice.com/game.php?id=1812184"]
[Date "2023.5.19"]
[Round "-"]
[White "jcharro1979"]
[Black "CNJEDUARDO"]
[Result "1-0"]
[WhiteElo "2320"]
[BlackElo "1910"]

1. e4 c5 2. Nf3 Nc6 3. d4 cxd4 4. Nxd4 g6 5. Nc3 Bg7 6. Be3 d6 7. Be2 Nf6 8. f3
O-O 9. O-O Bd7 10. Qd2 Qa5 11. Rad1 Nxd4 12. Bxd4 Rad8 13. a3 Bc6 14. Nd5 Qxd2
15. Nxe7+ 1-0

[Event "Let's Play Chess!"]
[Site "http://www.queenalice.com/game.php?id=1812185"]
[Date "2023.5.19"]
[Round "-"]
[White "CNJEDUARDO"]
[Black "jcharro1979"]
[Result "0-1"]
[WhiteElo "1908"]
[BlackElo "2321"]

1. c4 c5 2. g3 Nc6 3. b3 d6 4. Bb2 e5 5. Bg2 Nf6 6. Nf3 Be7 7. a3 O-O 8. d3 Re8
9. O-O Bd7 10. Nbd2 a6 11. Ng5 h6 12. Nge4 Nxe4 13. Bxe4 Rb8 14. e3 Bh3 0-1